000 00820nam a22002537a 4500
001 BR8002579
003 BR-BrBNA
005 20230928090605.0
007 ta
008 230509b bl.||||| |||| 00| 0 por d
040 _aBR-BrBNA
_bpor
_cBiblioteca Nacional de Agricultura
041 _a(Por)
072 _aE10
_b/G514
090 _ E10 BR8002579
110 1 _aSecretaria de Planejamento da Presidencia da Republica, Brasilia, DF (Brasil);
_99009
110 1 _aFundacao Instituto Brasileiro de Geografia e Estatistica, Rio de Janeiro, RJ
245 1 _aNotas sobre os principais acontecimentos na agricultura brasileira
_bv. 7
260 3 _aBrasilia, DF (Brasil):
_c1980.
300 _a59 p.
650 _aMacroeconomia
650 _aEconomia da producao
909 _a202309
_bLucia
_c55
_dLucia Elande
942 _cBK
999 _c29512
_d29512